00337pab a2200121 454500008004000000100002100040245006700061260000900128300001500137650001800152700002000170773002500190180718b2007 xxu||||| |||| 00| 0 eng d aEwenstein, Boris aBeyond words: aesthetic knowledge and knowing in organizations c2007 ap.689-708. aOrganizations aWhyte, Jennifer aOrganization Studies